| 000 | 01285nam0a22002771 4500 | ||
|---|---|---|---|
| 001 | RU\NLR\INFOCOMM_190\5000047371 | ||
| 005 | 20250613093607.0 | ||
| 035 | _a(NLR Aleph) 009211780 | ||
| 090 |
_a8753132 _c8753132 |
||
| 100 | _a20100518d1968 |||y0rusy50 ca | ||
| 101 | 1 |
_aeng _crus |
|
| 102 | _aRU | ||
| 105 | _aa ||||000|y | ||
| 200 | 1 |
_aComet in the night _eThe story of Alexander Ulyanov's heroic life and tragic death as told by his contemporaries _f[Comp. by A. I. Ivansky _gTransl. from the Russ. by Taras Kapustin] |
|
| 210 |
_aΜ. _c"Progress" _d1968 |
||
| 215 |
_a298, [6] с., 6 л. ил. _cил., портр. _d17 см |
||
| 300 | _aНа обороте тит. л.: Жизнь как факел. История героической борьбы и трагической гибели Александра Ульянова, рассказанная его современниками. Сост. - Анатолий Иванский | ||
| 686 |
_aИр1828(А.Ульянов) _2rubbk |
||
| 702 | 1 |
_9z02790 _aIvanskij _bA. I. _gAnatolij Ivanovič _4220 |
|
| 702 | 1 |
_aUl'janov _bA. I. _f1866-1887 _gAleksandr Il'ič _4570 |
|
| 790 | 1 |
_9z02702 _aIvansky _bA. I. _4220 |
|
| 801 | 1 |
_aRU _bNLR _c20100518 |
|
| 801 | 0 |
_aRU _bNLR _gPSBO |
|
| 852 |
_aNLR _jИр41 Д-1/1 |
||
| 942 | _cBOOK | ||
| 980 | _aNB | ||